Statistics for Largest Cities, Towns and Villages of FLORIDA by First Letter

Click here to take the quiz!

General Stats

  • This quiz has been taken 120 times
    (89 since last reset)
  • The average score is 11 of 25

Answer Stats

LetterPopulationCITY/TOWN/VILLAGE% Correct
M470,914Miami
99%
J903,889Jacksonville
96%
O285,713Orlando
93%
T392,890Tampa
89%
F182,595Fort Lauderdale
75%
S265,098St. Petersburg
70%
G133,857Gainesville
67%
H238,942Hialeah
59%
W111,398West Palm Beach
59%
C188,343Cape Coral
57%
L110,516Lakeland
51%
P195,248Port St. Lucie
51%
K73,597Kissimmee
50%
B99,294Boca Raton
46%
D106,558Davie
26%
A53,489Apopka
21%
V23,376Venice
21%
N68,628North Port
16%
Z15,563Zephyrhills
16%
Q7,235Quincy
11%
E33,464Estero
8%
R40,081Royal Palm Beach
4%
I8,565Indian Harbour Beach
3%
U3,805Umatilla
3%
Y519Yankeetown
3%

Score Distribution

Percentile by Number Answered

Percent of People with Each Score

Your Score History

You have not taken this quiz since the last reset